García Márquez y la problemática de la novela /
Guardado en:
| Autor Principal: | |
|---|---|
| Otros Autores: | |
| Formato: | Libro |
| Publicado: |
Buenos Aires :
Corregidor~Marcha,
1973.
|
| Materias: | |
| Etiquetas: |
Agregar Etiqueta
Sin Etiquetas, Sea el primero en etiquetar este registro!
|
| LEADER | 00618nam a22001815a 4500 | ||
|---|---|---|---|
| 001 | EHU.bham024313 | ||
| 008 | 130507s1973##################000#0#####d | ||
| 005 | 20240610075424.0 | ||
| 245 | 1 | 0 | |a García Márquez y la problemática de la novela / |c Ángel Rama, Mario Vargas Llosa. |
| 260 | |a Buenos Aires : |b Corregidor~Marcha, |c 1973. | ||
| 300 | |a 89 p. | ||
| 100 | 1 | |a Rama, Ángel. | |
| 700 | 1 | |a Vargas Llosa, Mario | |
| 082 | C | O | |a 863.407 |
| 653 | |a Colección Lejarraga | ||
| 600 | 1 | 7 | |a García Márquez, Gabriel. |
| 653 | |a Literatura colombiana-estudios | ||
| 859 | |a AR-BHAM |b BIB. HUMANIDADES - General |h CO863.407 |i R14 |k CO |p 87.02 |t Ej.1 | ||
